Score 0/22 Timer 02:00
0 Plays Today
Song Title Missing Word % Correct
I Like It, I ____ ItLove
91.3%
Friends in ____ PlacesLow
84.7%
____, Take the WheelJesus
83.8%
Always on my ____Mind
83.2%
Any Man of ____Mine
77.5%
As ____ as I Once WasGood
73.9%
This ____Kiss
64.6%
Rhinestone ____Cowboy
64.5%
The Night the Lights Went Out in ____Georgia
63.4%
Here's a ____ (Call Someone Who Cares)Quarter
58.7%
American ____ NightSaturday
54.3%
Song Title Missing Word % Correct
____ and Easy (Down the Road I Go)Free
51.3%
Goodbye ____Earl
50.3%
____ of Many ColorsCoat
49%
Walkin' After ____Midnight
47.4%
Love Can Build a ____Bridge
43.4%
There's No Gettin' Over ____Me
39.5%
Take Me ____There
38.3%
Mountain ____Music
37.7%
All My ____ Friends Have Settled DownRowdy
36%
____ from MuskogeeOkie
35.9%
She's Got the ____ (and I Got the Blues)Rhythm
20.8%

Today's Daily Dose

Remove Ads.
Support Sporcle.
Get the best of Sporcle when you Go Orange. This ad-free experience offers more features, more stats, and more fun while also helping to support Sporcle. Thank you for becoming a member.

You're not logged in!

Compare scores with friends on all Sporcle quizzes.
OR
Log In

Show Comments

Extras

Top Quizzes Today


Score Distribution

Your Account Isn't Verified!

In order to create a playlist on Sporcle, you need to verify the email address you used during registration. Go to your Sporcle Settings to finish the process.

Report this User

Report this user for behavior that violates our Community Guidelines.

Details: